000 00894aam a2200277 4500
001 19527
003 CO-MdFUSB
005 20241002062720.0
008 170324t1986 enk||||f |||| 00| 0 eng d
040 _aCO-MdFUSB
_bspa
_cCO-MdFUSB
_dCO-MdFUSBC
_erda
041 _aeng
082 _224
_aG 261.26
_bH783c
100 1 _aHooker, Morna D.
_eautor
245 1 0 _aContinuity and discontinuity
_b: Early Christianity in its Jewish setting
_c/ Morna D. Hooker
264 1 _aLondon :
_bEpworth Press,
_c℗1986
264 4 _c©1986
300 _a76 páginas
_b:
_c;
336 _2rdacontent
_a1
_ba1
337 _2rdamedia
_a2
_b5
338 _2rdacarrier
_a2
_b5
505 0 0 _aComprendiendo el contexto - Nuevo vino - Viejos odres - Los odres explotan
563 _aRústico
650 7 _aCristianismo
_xHistoria
_y0030-0600 (Iglesia primitiva)
_2
_9217
942 _cBK
999 _c45890
_d45890